[Event "Titled Tuesday intern op 11th Feb Early"]
[Site "Chess.com INT"]
[Date "2025.02.11"]
[Round "3"]
[White "Sarana, Alexey"]
[Black "Gulamali, Kazim"]
[Result "1-0"]
[WhiteElo "2672"]
[BlackElo "2207"]
[PlyCount "59"]
[EventDate "2025.02.11"]
[EventType "swiss (blitz)"]
[EventRounds "11"]
[EventCountry "USA"]
[SourceTitle "CB09_2025"]
[SourceDate "2025.02.27"]
[SourceVersion "1"]
[SourceVersionDate "2025.02.27"]
[SourceQuality "1"]

1. d4 c5 2. d5 d6 3. Nc3 g6 4. e4 Bg7 5. Nf3 Bxc3+ 6. bxc3 Nf6 7. Bd3 Bg4 8. 0-0 Nbd7 9. h3 Bxf3 10. Qxf3 h5 11. c4 h4 12. Qe2 Qa5 13. a4 0-0-0 14. Bd2 Qc7 15. a5 b6 16. axb6 axb6 17. f4 Kb7 18. Bc3 Rhg8 19. e5 Nh5 20. e6 Ng3 21. Qf3 Nxf1 22. Rxf1 Nf6 23. exf7 Rg7 24. Qf2 Rxf7 25. Bxg6 Rg7 26. f5 Ne4 27. Qe3 Nxc3 28. Qxc3 Rgg8 29. Re1 Rdf8 30. Re4 1-0

[Event "US op 124th"]
[Site "Norfolk"]
[Date "2024.08.03"]
[Round "8"]
[White "Klein, Jack"]
[Black "Gulamali, Kazim"]
[Result "0-1"]
[WhiteElo "1923"]
[BlackElo "2216"]
[PlyCount "62"]
[EventDate "2024.07.27"]
[EventType "swiss"]
[EventRounds "9"]
[EventCountry "USA"]
[SourceTitle "EXT 2025"]
[Source "ChessBase"]
[SourceDate "2024.10.14"]
[SourceVersion "1"]
[SourceVersionDate "2024.10.14"]
[SourceQuality "1"]

1. e4 c5 2. Nf3 d6 3. d4 cxd4 4. Qxd4 a6 5. Be2 Nc6 6. Qe3 Nf6 7. h3 e6 8. c4 Be7 9. 0-0 0-0 10. Rd1 Qc7 11. b3 Ne5 12. Bb2 Bd7 13. Nc3 Rfe8 14. Rac1 Bf8 15. Nd4 Rad8 16. Kh1 Bc8 17. f4 Ng6 18. Bf3 Qb8 19. Kh2 e5 20. Nde2 exf4 21. Qd4 Ne5 22. Kh1 g5 23. a4 Bg7 24. Qb6 Bxh3 25. gxh3 Nxf3 26. Qf2 Ne5 27. Ba3 Qc8 28. Ng1 Qe6 29. Rd2 g4 30. Qxf4 Ng6 31. Qf5 Bh6 0-1

[Event "Titled Tuesday intern op 23rd Jul Early"]
[Site "Chess.com INT"]
[Date "2024.07.23"]
[Round "9"]
[White "Gulamali, Kazim"]
[Black "Baskakov, Egor"]
[Result "1-0"]
[WhiteElo "2216"]
[BlackElo "2215"]
[PlyCount "145"]
[EventDate "2024.07.23"]
[EventType "swiss (blitz)"]
[EventRounds "11"]
[EventCountry "USA"]
[SourceTitle "EXT 2025"]
[Source "ChessBase"]
[SourceDate "2024.10.14"]
[SourceVersion "1"]
[SourceVersionDate "2024.10.14"]
[SourceQuality "1"]

1. e4 c5 2. b3 Nf6 3. e5 Nd5 4. Bb2 Nc6 5. Nf3 g6 6. Bc4 Nb6 7. e6 f6 8. Bb5 dxe6 9. Bxc6+ bxc6 10. d3 e5 11. 0-0 Bg7 12. Ba3 0-0 13. Re1 Bg4 14. Nbd2 Nd5 15. Bxc5 Nc3 16. Qc1 Qd5 17. Bxe7 f5 18. Bxf8 Rxf8 19. h3 Bh5 20. Nh2 e4 21. dxe4 fxe4 22. Nc4 Ne2+ 23. Rxe2 Bxe2 24. Qe1 Bxa1 25. Qxe2 Bd4 26. Ne3 Bxe3 27. Qxe3 c5 28. Nf1 Qd4 29. Qe2 Rd8 30. Kh2 h5 31. Ne3 Qe5+ 32. Kg1 Qa1+ 33. Kh2 Qe5+ 34. Kg1 Kg7 35. h4 Rd7 36. g3 Qa1+ 37. Kg2 Qf6 38. Nc4 Rf7 39. Nd2 e3 40. Qxe3 Qc6+ 41. Ne4 Re7 42. f3 c4 43. Qd4+ Kg8 44. Qxc4+ Qxc4 45. bxc4 Rc7 46. c5 Rb7 47. Kf2 Rb2 48. Ke3 Rxa2 49. Kd3 Ra6 50. Kc4 Kf7 51. Kb5 Re6 52. c6 Ke7 53. Kc5 Re5+ 54. Kd4 Ra5 55. c4 Ra1 56. Kc5 a5 57. g4 a4 58. Nc3 a3 59. gxh5 gxh5 60. f4 a2 61. f5 Rf1 62. f6+ Rxf6 63. Nxa2 Rf5+ 64. Kb6 Rf4 65. c5 Rxh4 66. Nc3 Rh2 67. Nd5+ Ke6 68. c7 Rb2+ 69. Kc6 Rg2 70. c8Q+ Ke5 71. Qe8+ Kf5 72. Ne3+ Kf4 73. Nxg2+ 1-0

[Event "Titled Tuesday intern op 23rd Jul Early"]
[Site "Chess.com INT"]
[Date "2024.07.23"]
[Round "8"]
[White "Klukin, Kirill"]
[Black "Gulamali, Kazim"]
[Result "1-0"]
[WhiteElo "2413"]
[BlackElo "2216"]
[PlyCount "107"]
[EventDate "2024.07.23"]
[EventType "swiss (blitz)"]
[EventRounds "11"]
[EventCountry "USA"]
[SourceTitle "EXT 2025"]
[Source "ChessBase"]
[SourceDate "2024.10.14"]
[SourceVersion "1"]
[SourceVersionDate "2024.10.14"]
[SourceQuality "1"]

1. d4 Nf6 2. Nf3 e6 3. e3 c5 4. Bd3 cxd4 5. exd4 Be7 6. 0-0 0-0 7. c4 d6 8. Nc3 b6 9. b3 Bb7 10. d5 e5 11. Bb2 Nbd7 12. Nd2 Nc5 13. Bc2 a5 14. f4 exf4 15. Rxf4 Nfd7 16. Nce4 Ne5 17. Nxc5 bxc5 18. Nf3 Ng6 19. Re4 f5 20. Re1 Bc8 21. Qd2 Bf6 22. Bc3 Ra7 23. Re2 a4 24. bxa4 Bd7 25. Rae1 Bxc3 26. Qxc3 Nf4 27. Rf2 Bxa4 28. Qd2 g5 29. h4 Bxc2 30. Qxc2 h6 31. Qd2 Qa5 32. hxg5 Qxd2 33. Rxd2 hxg5 34. Nxg5 Rfa8 35. Ne6 Ng6 36. Rf1 Rxa2 37. Rxa2 Rxa2 38. Rxf5 Ne5 39. Rf8+ Kh7 40. Rf4 Rc2 41. Ng5+ Kg6 42. Ne4 Rxc4 43. g3 Rd4 44. Nxd6 Rxd5 45. Nf5 Rd1+ 46. Kg2 c4 47. Ne3 Rd2+ 48. Kh3 c3 49. Re4 Nd3 50. Rc4 Nf2+ 51. Kh4 Rd3 52. Ng2 Nd1 53. Nf4+ Kf7 54. Nxd3 1-0

[Event "Titled Tuesday intern op 16th Jul Late"]
[Site "Chess.com INT"]
[Date "2024.07.16"]
[Round "10"]
[White "Gulamali, Kazim"]
[Black "Omariev, Maksim"]
[Result "1-0"]
[WhiteElo "2216"]
[BlackElo "2304"]
[PlyCount "65"]
[EventDate "2024.07.16"]
[EventType "swiss (blitz)"]
[EventRounds "11"]
[EventCountry "USA"]
[SourceTitle "EXT 2025"]
[Source "ChessBase"]
[SourceDate "2024.10.14"]
[SourceVersion "1"]
[SourceVersionDate "2024.10.14"]
[SourceQuality "1"]

1. d4 a6 2. e4 b6 3. Bd3 c6 4. c4 d6 5. d5 e6 6. Nc3 f6 7. f4 g6 8. Nf3 Bg7 9. 0-0 Ne7 10. Nd4 exd5 11. cxd5 cxd5 12. exd5 f5 13. Be3 0-0 14. a4 Re8 15. Qd2 Kh8 16. Rae1 Ng8 17. Bf2 Nf6 18. Rxe8+ Qxe8 19. Re1 Qg8 20. Ne6 Bxe6 21. Rxe6 Nbd7 22. Rxd6 Qf8 23. Re6 Ng4 24. d6 Nxf2 25. Kxf2 Nc5 26. Re7 Rd8 27. b4 Nb3 28. Qe1 Bd4+ 29. Kf1 Bf6 30. Nd5 Bg7 31. d7 Nd2+ 32. Qxd2 Rxd7 33. Rxd7 1-0

[Event "Titled Tuesday intern op 16th Jul Late"]
[Site "Chess.com INT"]
[Date "2024.07.16"]
[Round "11"]
[White "Krivenko, Dion"]
[Black "Gulamali, Kazim"]
[Result "1-0"]
[WhiteElo "2290"]
[BlackElo "2216"]
[PlyCount "105"]
[EventDate "2024.07.16"]
[EventType "swiss (blitz)"]
[EventRounds "11"]
[EventCountry "USA"]
[SourceTitle "EXT 2025"]
[Source "ChessBase"]
[SourceDate "2024.10.14"]
[SourceVersion "1"]
[SourceVersionDate "2024.10.14"]
[SourceQuality "1"]

1. f4 d6 2. Nf3 g6 3. g3 Bg7 4. Bg2 c5 5. 0-0 Nc6 6. d3 Nf6 7. e4 0-0 8. Nc3 Rb8 9. Be3 Ng4 10. Bd2 f5 11. h3 Nh6 12. Be3 Nd4 13. Qd2 b5 14. Nd1 b4 15. c3 Nxf3+ 16. Rxf3 Bb7 17. Rf1 a5 18. Nf2 Qb6 19. g4 Ba8 20. g5 Nf7 21. exf5 gxf5 22. Bxa8 Rxa8 23. h4 Rab8 24. c4 Qc6 25. Qe2 Rbe8 26. Qh5 Nd8 27. Rab1 a4 28. Nh3 Ne6 29. Qf3 Qxf3 30. Rxf3 Nd4 31. Bxd4 Bxd4+ 32. Kg2 e5 33. Ng1 e4 34. dxe4 Rxe4 35. b3 axb3 36. axb3 Ra8 37. Kg3 Ra2 38. h5 Kg7 39. Rd1 Rb2 40. Rfd3 Re3+ 41. Rxe3 Bxe3 42. Nf3 Bf2+ 43. Kg2 Be3+ 44. Kg3 Rxb3 45. Rxd6 Rc3 46. Rd7+ Kg8 47. h6 Bd4 48. Kg2 Rc2+ 49. Kg3 Bc3 50. Ne5 Bxe5 51. fxe5 Rxc4 52. e6 Re4 53. Rd8# 1-0

[Event "Titled Tuesday intern op 09th Jul Late"]
[Site "Chess.com INT"]
[Date "2024.07.09"]
[Round "2"]
[White "Gulamali, Kazim"]
[Black "Hong, Andrew Z"]
[Result "0-1"]
[WhiteElo "2216"]
[BlackElo "2570"]
[PlyCount "64"]
[EventDate "2024.07.09"]
[EventType "swiss (blitz)"]
[EventRounds "11"]
[EventCountry "USA"]
[SourceTitle "EXT 2025"]
[Source "ChessBase"]
[SourceDate "2024.10.14"]
[SourceVersion "1"]
[SourceVersionDate "2024.10.14"]
[SourceQuality "1"]

1. e4 c6 2. d4 d5 3. e5 Bf5 4. h4 h6 5. h5 e6 6. g4 Bh7 7. Bd3 Bxd3 8. Qxd3 c5 9. dxc5 Bxc5 10. f4 Ne7 11. Nf3 Nbc6 12. c3 d4 13. b4 Bb6 14. b5 Na5 15. cxd4 Rc8 16. Nbd2 Nd5 17. a3 Nxf4 18. Qe4 Nd5 19. Bb2 Nc4 20. Nxc4 Rxc4 21. 0-0 0-0 22. Rfc1 Rxc1+ 23. Rxc1 f5 24. gxf5 Rxf5 25. Kf2 Qg5 26. Rc8+ Kh7 27. Rf8 Qxh5 28. Ke2 Nf4+ 29. Kd1 Ng6 30. Rxf5 exf5 31. Qxb7 Nh4 32. Ke2 Qg4 0-1

[Event "Titled Tuesday intern op 09th Jul Late"]
[Site "Chess.com INT"]
[Date "2024.07.09"]
[Round "5"]
[White "Gulamali, Kazim"]
[Black "Janik, Igor"]
[Result "0-1"]
[WhiteElo "2216"]
[BlackElo "2511"]
[PlyCount "104"]
[EventDate "2024.07.09"]
[EventType "swiss (blitz)"]
[EventRounds "11"]
[EventCountry "USA"]
[SourceTitle "EXT 2025"]
[Source "ChessBase"]
[SourceDate "2024.10.14"]
[SourceVersion "1"]
[SourceVersionDate "2024.10.14"]
[SourceQuality "1"]

1. e4 c6 2. d4 d5 3. e5 c5 4. dxc5 Nc6 5. Bb5 e6 6. Nf3 Bxc5 7. 0-0 Nge7 8. a3 Ng6 9. b4 Be7 10. Bb2 Bd7 11. Bd3 a5 12. b5 Na7 13. a4 0-0 14. c4 dxc4 15. Bxc4 Nc8 16. Nbd2 Nb6 17. Bb3 Rc8 18. Ne4 Bb4 19. Nd6 Rc7 20. Qd4 Nc8 21. Rfd1 Bc5 22. Qg4 Nxd6 23. exd6 Rc8 24. Ne5 Bxf2+ 25. Kh1 Bc5 26. Rd3 f5 27. Qh5 Nxe5 28. Bxe5 Qe8 29. Qh4 Rf7 30. Rh3 g6 31. Qf4 Qf8 32. Re1 Bb4 33. Rd1 b6 34. Qf3 Rc5 35. Qe3 f4 36. Qe4 f3 37. Rxf3 Rxf3 38. gxf3 Rxe5 39. Qb7 Re3 40. Rf1 Qf7 41. Qa8+ Kg7 42. Bd1 Bxd6 43. Qb7 Bc5 44. Qc7 Be8 45. Qg3 e5 46. Kg2 Qf4 47. Qh3 Bf7 48. Qg3 Rd3 49. Qe1 Rd2+ 50. Be2 Qe3 51. Rf2 Qxf2+ 52. Qxf2 Bxf2 0-1

[Event "Titled Tuesday intern op 09th Jul Late"]
[Site "Chess.com INT"]
[Date "2024.07.09"]
[Round "10"]
[White "Gulamali, Kazim"]
[Black "Khakhinov, Ilya"]
[Result "1-0"]
[WhiteElo "2216"]
[BlackElo "2236"]
[PlyCount "105"]
[EventDate "2024.07.09"]
[EventType "swiss (blitz)"]
[EventRounds "11"]
[EventCountry "USA"]
[SourceTitle "EXT 2025"]
[Source "ChessBase"]
[SourceDate "2024.10.14"]
[SourceVersion "1"]
[SourceVersionDate "2024.10.14"]
[SourceQuality "1"]

1. e4 d6 2. d4 Nf6 3. Nc3 e5 4. Nge2 Nbd7 5. g3 Be7 6. Bg2 0-0 7. 0-0 c6 8. a4 b6 9. a5 b5 10. d5 cxd5 11. exd5 a6 12. h3 Bb7 13. Be3 Rc8 14. Qd2 Ne8 15. g4 f5 16. gxf5 Rxf5 17. f4 exf4 18. Bxf4 Bg5 19. Bxg5 Rxg5 20. Nf4 Nc7 21. Ne4 Ne5 22. Nxg5 Qxg5 23. Rad1 Qg3 24. Qf2 Qg5 25. Ne6 Nxe6 26. dxe6 h6 27. Kh1 Bxg2+ 28. Qxg2 Qxg2+ 29. Kxg2 Rxc2+ 30. Kg3 Rc7 31. Rxd6 Re7 32. Rxa6 Nc4 33. Rf7 Re8 34. Raa7 Rxe6 35. Rxg7+ Kf8 36. Rh7 Rg6+ 37. Kf4 Rf6+ 38. Ke4 Re6+ 39. Kd5 Re5+ 40. Kd4 Kg8 41. Rhg7+ Kf8 42. Rgb7 Re8 43. Rh7 Kg8 44. Rag7+ Kf8 45. a6 Nxb2 46. a7 Na4 47. Rb7 Kg8 48. Rhg7+ Kh8 49. Rgf7 h5 50. Rfe7 Rd8+ 51. Red7 Rc8 52. Rb8 Rxb8 53. axb8Q# 1-0

[Event "Titled Tuesday intern op 09th Jul Late"]
[Site "Chess.com INT"]
[Date "2024.07.09"]
[Round "4"]
[White "Gulamali, Kazim"]
[Black "Merino Garcia, Rafael"]
[Result "1-0"]
[WhiteElo "2216"]
[BlackElo "2382"]
[PlyCount "61"]
[EventDate "2024.07.09"]
[EventType "swiss (blitz)"]
[EventRounds "11"]
[EventCountry "USA"]
[SourceTitle "EXT 2025"]
[Source "ChessBase"]
[SourceDate "2024.10.14"]
[SourceVersion "1"]
[SourceVersionDate "2024.10.14"]
[SourceQuality "1"]

1. e4 d6 2. d4 Nd7 3. f4 c5 4. d5 g6 5. c4 Bg7 6. Nc3 Ngf6 7. Nf3 0-0 8. Bd3 e6 9. 0-0 exd5 10. exd5 a6 11. a4 Re8 12. Qc2 Nb8 13. f5 Nbd7 14. Bf4 Ne5 15. Bxe5 dxe5 16. Rae1 Nh5 17. g3 Bd7 18. Kg2 b5 19. axb5 axb5 20. cxb5 e4 21. Bxe4 Rxe4 22. Qxe4 Bxf5 23. Qe7 Qc8 24. Ng5 h6 25. Qxf7+ Kh8 26. Ne6 Bxe6 27. dxe6 Qd8 28. e7 Qd2+ 29. Re2 Qd7 30. e8Q+ Rxe8 31. Rxe8+ 1-0

[Event "Titled Tuesday intern op 09th Jul Late"]
[Site "Chess.com INT"]
[Date "2024.07.09"]
[Round "11"]
[White "Lopez del Alamo, Antonio"]
[Black "Gulamali, Kazim"]
[Result "0-1"]
[WhiteElo "2240"]
[BlackElo "2216"]
[PlyCount "122"]
[EventDate "2024.07.09"]
[EventType "swiss (blitz)"]
[EventRounds "11"]
[EventCountry "USA"]
[SourceTitle "EXT 2025"]
[Source "ChessBase"]
[SourceDate "2024.10.14"]
[SourceVersion "1"]
[SourceVersionDate "2024.10.14"]
[SourceQuality "1"]

1. e4 d6 2. d4 Nf6 3. Nc3 g6 4. f4 Bg7 5. a3 0-0 6. Nf3 Nc6 7. e5 dxe5 8. fxe5 Nd5 9. Bd3 Bg4 10. Be4 Nb6 11. Bxc6 bxc6 12. 0-0 c5 13. dxc5 Qxd1 14. Rxd1 Nc4 15. Rd4 Be6 16. Re4 Rfd8 17. b3 Na5 18. Bf4 h6 19. h3 g5 20. Bg3 Rd7 21. Nd4 Rad8 22. Nxe6 fxe6 23. Re2 h5 24. Rae1 Kh7 25. b4 Nc6 26. Ne4 Kg6 27. c3 a6 28. h4 g4 29. Nf2 Na7 30. a4 Bh6 31. Ne4 Rd3 32. Kh2 c6 33. Rf1 a5 34. Bf4 axb4 35. Ref2 Bxf4+ 36. Rxf4 bxc3 37. Ng5 c2 38. Rf7 Rd1 39. R1f2 c1Q 40. Nxe6 Rh1+ 41. Kg3 Rd3+ 42. R7f3 gxf3 43. Nf4+ Kg7 44. Nxd3 Qh6 45. Rxf3 Qg6+ 46. Kf2 Qe4 47. Nf4 Qd4+ 48. Kg3 Qxe5 49. Kf2 Kh7 50. Nh3 Qxc5+ 51. Kg3 Rxh3+ 52. Kxh3 Nc8 53. Rf7+ Kg6 54. Rf8 Nd6 55. Rg8+ Kf7 56. Rg5 Qc3+ 57. Kh2 Ne4 58. Rxh5 Qg3+ 59. Kg1 Kg6 60. Ra5 Qe1+ 61. Kh2 Qxa5 0-1

[Event "Titled Tuesday intern op 09th Jul Late"]
[Site "Chess.com INT"]
[Date "2024.07.09"]
[Round "9"]
[White "Mikhalsky, Vladimir"]
[Black "Gulamali, Kazim"]
[Result "1-0"]
[WhiteElo "2219"]
[BlackElo "2216"]
[PlyCount "113"]
[EventDate "2024.07.09"]
[EventType "swiss (blitz)"]
[EventRounds "11"]
[EventCountry "USA"]
[SourceTitle "EXT 2025"]
[Source "ChessBase"]
[SourceDate "2024.10.14"]
[SourceVersion "1"]
[SourceVersionDate "2024.10.14"]
[SourceQuality "1"]

1. d4 d6 2. e4 Nf6 3. Nc3 g6 4. f4 Bg7 5. e5 dxe5 6. fxe5 Nd5 7. Bc4 Nb6 8. Bb3 c5 9. dxc5 Qxd1+ 10. Kxd1 N6d7 11. Nd5 Na6 12. Bc4 e6 13. Bxa6 exd5 14. Bb5 0-0 15. Bxd7 Bxd7 16. Nf3 Bg4 17. Bf4 f6 18. exf6 Rxf6 19. Bd6 Re8 20. Rf1 Re3 21. c3 b6 22. h3 Bxf3+ 23. Rxf3 Rfxf3 24. gxf3 bxc5 25. Bxc5 Rxf3 26. Kc2 a6 27. Rh1 Kf7 28. a4 Ke6 29. h4 Bf6 30. h5 g5 31. Kd1 g4 32. Ke2 Kf5 33. Rd1 Ke4 34. Bd4 Be7 35. Bf2 Bf6 36. Bd4 g3 37. Bxf6 Rxf6 38. Rd4+ Ke5 39. Rg4 Rf2+ 40. Ke3 Rg2 41. Rg5+ Ke6 42. b4 Ra2 43. Rxg3 Rxa4 44. Rg7 Ra3 45. Kd4 a5 46. Rxh7 Ra4 47. Rh6+ Kf5 48. Kc5 axb4 49. cxb4 d4 50. Rd6 Kg5 51. Rxd4 Kxh5 52. Rf4 Kg5 53. Rf1 Ra2 54. b5 Rc2+ 55. Kd6 Rd2+ 56. Kc7 Rc2+ 57. Kb7 1-0

[Event "Titled Tuesday intern op 02nd Jan Late"]
[Site "Chess.com INT"]
[Date "2024.01.02"]
[Round "3"]
[White "Andersson, Bjorn2"]
[Black "Gulamali, Kazim"]
[Result "0-1"]
[WhiteElo "2163"]
[BlackElo "2243"]
[PlyCount "76"]
[EventDate "2024.01.02"]
[EventType "swiss (blitz)"]
[EventRounds "11"]
[EventCountry "USA"]
[SourceTitle "EXT 2025"]
[Source "ChessBase"]
[SourceDate "2024.10.14"]
[SourceVersion "1"]
[SourceVersionDate "2024.10.14"]
[SourceQuality "1"]

1. e4 c5 2. Nf3 d6 3. d4 cxd4 4. Nxd4 Nf6 5. Nc3 a6 6. Be2 e5 7. Nb3 Be7 8. 0-0 0-0 9. Kh1 Be6 10. a4 Nbd7 11. f4 Qc7 12. f5 Bc4 13. g4 h6 14. g5 hxg5 15. Bxg5 Rfe8 16. Rg1 Qc6 17. Bxc4 Nxe4 18. Nxe4 Qxe4+ 19. Rg2 Qxc4 20. Bxe7 Rxe7 21. Qxd6 Qh4 22. Rag1 g6 23. Rg4 Qf6 24. Rxg6+ fxg6 25. Rxg6+ Qxg6 26. Qxg6+ Kh8 27. f6 Rh7 28. Na5 Rg8 29. Qf5 Rf8 30. Nxb7 Rxf6 31. Qd3 Rf2 32. Qg3 Rxc2 33. Nd6 Rxb2 34. Qc3 Rhxh2+ 35. Kg1 Rhg2+ 36. Kf1 Rgc2 37. Qh3+ Kg8 38. Qxd7 Rc1# 0-1

[Event "Titled Tuesday intern op 02nd Jan Late"]
[Site "Chess.com INT"]
[Date "2024.01.02"]
[Round "1"]
[White "Gulamali, Kazim"]
[Black "Duda, Jan Krzysztof"]
[Result "0-1"]
[WhiteElo "2243"]
[BlackElo "2732"]
[PlyCount "74"]
[EventDate "2024.01.02"]
[EventType "swiss (blitz)"]
[EventRounds "11"]
[EventCountry "USA"]
[SourceTitle "EXT 2025"]
[Source "ChessBase"]
[SourceDate "2024.10.14"]
[SourceVersion "1"]
[SourceVersionDate "2024.10.14"]
[SourceQuality "1"]

1. e4 e6 2. d4 d5 3. e5 c5 4. c3 Bd7 5. Nf3 Qb6 6. Be2 Ne7 7. dxc5 Qxc5 8. 0-0 Ng6 9. Re1 Qc7 10. Bd3 Nc6 11. Qe2 a6 12. h4 Bc5 13. b4 Bb6 14. h5 Nge7 15. h6 gxh6 16. Bxh6 0-0-0 17. Bg7 Rhg8 18. Bf6 Rde8 19. Bxh7 Rg4 20. Nbd2 Ng6 21. Bxg6 Rxg6 22. Nh4 Rg3 23. Ndf3 Reg8 24. Kh2 R3g4 25. Rac1 Na7 26. Nd4 Bb5 27. Qf3 Kb8 28. Nxb5 Nxb5 29. a4 Na3 30. a5 Ba7 31. g3 Nc4 32. Rc2 Ka8 33. Ng2 Na3 34. Ra2 Nb5 35. Ne3 Qxc3 36. Rd1 Bxe3 37. fxe3 Rxg3 0-1

[Event "Titled Tuesday intern op 02nd Jan Late"]
[Site "Chess.com INT"]
[Date "2024.01.02"]
[Round "4"]
[White "Gulamali, Kazim"]
[Black "Dylag, Emilia"]
[Result "1-0"]
[WhiteElo "2243"]
[BlackElo "2092"]
[PlyCount "59"]
[EventDate "2024.01.02"]
[EventType "swiss (blitz)"]
[EventRounds "11"]
[EventCountry "USA"]
[SourceTitle "EXT 2025"]
[Source "ChessBase"]
[SourceDate "2024.10.14"]
[SourceVersion "1"]
[SourceVersionDate "2024.10.14"]
[SourceQuality "1"]

1. e4 e5 2. Nc3 Nf6 3. g3 d5 4. exd5 Nxd5 5. Bg2 Nxc3 6. bxc3 Bc5 7. Ne2 0-0 8. 0-0 Nc6 9. Rb1 Bb6 10. Kh1 Bg4 11. h3 Bh5 12. g4 Bg6 13. f4 exf4 14. Nxf4 Qh4 15. d4 Rae8 16. Nxg6 fxg6 17. Rxf8+ Rxf8 18. Qe2 Qg3 19. Ba3 Rd8 20. Re1 h5 21. Qe6+ Kh7 22. Re3 Qf2 23. Re2 Qf4 24. d5 Na5 25. gxh5 Nc4 26. Qxg6+ Kh8 27. Re8+ Rxe8 28. Qxe8+ Kh7 29. Be4+ Kh6 30. Qg6# 1-0